| 000 | 00750nam a2200217Ia 4500 | ||
|---|---|---|---|
| 003 | GCL | ||
| 008 | 140319s9999 xx 000 0 ara d | ||
| 020 | _a63005433977 | ||
| 040 |
_aGCL / _cGCL |
||
| 082 | 0 | 4 |
_a331.137 _bع م |
| 100 | 1 | _aعلى عبدالوهاب نجا | |
| 245 | 1 | 0 |
_aمشكلة البطالة واثر برنامج الاصلاح الاقتصادى عليها / _cعلى عبدالوهاب نجا |
| 260 |
_aالقاهرة : _bالدار الجامعية ، _c2005 |
||
| 300 |
_a503 ص ؛ _c24 سم |
||
| 650 | 0 | 4 | _aالعمل والعمال |
| 650 | 0 | 4 | _aالبطالة |
| 650 | 0 | 4 | _aالبطالة الموسمية |
| 650 | 0 | 4 | _aالمشاكل الاجتماعية |
| 650 | 0 | 4 | _aالبطالة - مصر |
| 942 |
_2ddc _cBK |
||
| 999 |
_c8148 _d8148 |
||